| 000 | 01009nam0a22002651 4500 | ||
|---|---|---|---|
| 001 | rc\3792371 | ||
| 005 | 20250530053852.0 | ||
| 021 |
_aRU _b[76-2045] |
||
| 035 | _a(NLR Aleph) 007252540 | ||
| 090 |
_a5220770 _c5220771 |
||
| 100 | _a20120311d1975 |||y0rusy50 ca | ||
| 101 | 0 | _arus | |
| 102 | _aRU | ||
| 105 | _aa z ||||| | ||
| 200 | 1 |
_aОсновы художественного конструирования _eКонспект лекций _fВ.Г. Шляхтов _gИван. хим.-технол. ин-т, кафедра "Машины и аппараты хим. производств" |
|
| 210 |
_aИваново _cБ. и. _d1975 |
||
| 215 |
_a114 с. _cил. _d20 |
||
| 320 | _aСписок лит.: с. 113 (16 назв.) | ||
| 606 |
_aХудожественное конструирование _2psbo |
||
| 700 | 1 |
_aШляхтов _bВ.Г. _gВладимир Георгиевич |
|
| 801 | 0 |
_aRU _bNLR _gpsbo |
|
| 801 | 1 |
_aRU _bELAR _2rusmarc |
|
| 852 |
_aNLR _j76-3/2636 |
||
| 942 | _cBOOK | ||
| 980 | _aNB | ||